Регионална библиотека "Любен Каравелов" - Русе

Австрия и Германия като пазари за нашите грозда, вина, овощия и зеленчуци (Запис номер 168644)

MARC детайли
000 -Лидер
Контролно поле с фиксирана дължина 02448nam a2200445 a 4500
003 - Код на организацията, давaща контролен номер
Контролно поле BLK
005 - Дата и час на последна редакция
Контролно поле 20250122133638.0
008 - Елементи от данни с фиксирана дължина
fixed length control field 180411b bul|||||r ||||||| ||bul||
010 ## - Наследен системен номер
LC control number KNG00176562000
040 ## - Източник на каталожния запис
Идентификатор на билиотеката - собственик на записа BLK
041 ## - Код за език
Код за езика на текст/звукозапис или на отделно заглавие Български
Код за езика КДБФ Български
072 #7 - Код за тематичната категория
Код организация bullib
Код за тематична категория К
Текст Краезнание
080 ## - УДК
Текстов определител УДК Икономическо положение. Икономическа политика. Управление. Планиране. Производство. Услуги. Цени
УДК код - определител по УДК 338
УДК определител (497.2)
УДК - код + определител 338(497.2)
080 ## - УДК
Текстов определител УДК Външна търговия. Международна търговия. Външно-търговска политика. Мита. Вж и 336. 4
УДК код - определител по УДК 339.5
УДК - код + определител 339.5
100 1# - Редна дума - Автор
Автор Попов, Иван Иванов
Авторска отговорност първи автор
R(LIN) 337915
139 ## - Редно поле
Редна дума Попов, Иван Иванов
Авторски знак Попов - П 76
245 10 - Сведения за заглавието
Заглавие Австрия и Германия като пазари за нашите грозда, вина, овощия и зеленчуци
Подзаглавни данни Доклад, представен на XXXV-та редовна сесия на Камарата през март 1930
Редно поле (дума) Иван Иванов Попов.
257 ## - Страна на издаване
Страна на създаване/издаване България
260 ## - Област на издателските данни
Име на издателя, разпространителя и проч. Русенска търг.-индустр. камара
Година на издаване 1930
Печатница Русе : Роглев
Място на издаване, разпространение и проч. Русе
300 ## - Физическа характеристика
Страници 73 с.
Размери/Мащаб 23 см
380 ## - Жанр
Жанр Обществени науки
650 #4 - Допълнително описание по предмет – тема
Основно описание – тема или топоним Камари, търговско-индустриални
9 (RLIN) 280620
650 #4 - Допълнително описание по предмет – тема
Основно описание – тема или топоним Външна търговия - България
9 (RLIN) 256557
651 #4 - Допълнително описание по предмет - топоним
Географско понятие България
9 (RLIN) 241624
651 #4 - Допълнително описание по предмет - топоним
Географско понятие Австрия
9 (RLIN) 245450
651 #4 - Допълнително описание по предмет - топоним
Географско понятие Германия
9 (RLIN) 178754
653 ## - Ключова дума – ненормативна
Ключова дума РТИК
653 ## - Ключова дума – ненормативна
Ключова дума търговско-индустриални камари
653 ## - Ключова дума – ненормативна
Ключова дума външна търговия
659 ## - Тематичен бюлетин
Тематичен бюлетин К
852 ## - Местоположение
Форматна сигнатура Цб 40992
852 ## - Местоположение
Форматна сигнатура К 338/П 76 И
856 4# - Електронен адрес и достъп
Електронен формат pdf - файл
Инструкция (цена за достъп) 0.00
Права за достъп Достъп за регистрирани потребители
Път до файла /url/ http://185.138.176.146:18082/cgi-bin/koha/opac-retrieve-file.pl?id=a3cabefdb2693ff71cea3cc17f0b2ba3
Име на файл Австрия и Германия като пазари за нашите грозда, вина, овощия и зеленчуци
Допълнителна информация (Корица, съдържание, пълен текст, звуков файл, HTML файл) Електронна книга
Информация за съдържанието Австрия и Германия като пазари за нашите грозда, вина, овощия и зеленчуци
942 ## - АРТИКУЛИ
Вид на библиотечния материал Книги
Скрит в OPAC Не
Периодичен библиозапис Да
Koha issues (borrowed), all copies 1
944 ## - СЪЗДАВАНЕ И РЕДАКЦИЯ на ЗАПИСА
Създаване/Редакция Създаване
Дата на регистрацията/редакция 12.06.2015
Служител, извършил регистрацията/редакцията 30558
Статус, дата на статуса Валя Йорданова
944 ## - СЪЗДАВАНЕ И РЕДАКЦИЯ на ЗАПИСА
Създаване/Редакция Редакция
Дата на регистрацията/редакция 12.06.2015
Служител, извършил регистрацията/редакцията Валя_Йорданова
999 ## - СИСТЕМНИ КОНТРОЛНИ НОМЕРА
Koha biblionumber 168644
Koha biblioitemnumber 168644
999 ## - СИСТЕМНИ КОНТРОЛНИ НОМЕРА
Koha biblioitemnumber 168644
999 ## - СИСТЕМНИ КОНТРОЛНИ НОМЕРА
Koha biblioitemnumber 168644
999 ## - СИСТЕМНИ КОНТРОЛНИ НОМЕРА
Koha biblioitemnumber 168644
Наличности
Код за отписване Код за изгубен артикул Източник на класификационната схема Код за повреда Коз за рестрикции Код за отдаване Артикулен № Име на библиотеката - собственик Име на библиотеката, в която се намира в момента Статус (Текущо местоположение) Дата на вписване в системата Местоположение - отдел Цена в лева Инвентарен номер Систематично азбучна сигнатура Баркод Номер на екземпляра Цена в евро Служебна бележка Служебен тип на артикула
  Не е изгубен Universal Decimal Classification Не е повреден без рестрикции ползва се в читалня 284924 Регионална библиотека "Любен Каравелов" Русе Регионална библиотека "Любен Каравелов" Русе Краезнание 1930-01-01 Краезнание 0.14 16909/66 К 338/П 76 И 900000003485 1 0.07 N: Сф Дата: 01.01.1930 Дата инв: 06.11.2017 Бележки инв: К2017 Книги
  Не е изгубен Universal Decimal Classification Не е повреден без рестрикции ползва се в читалня 284925 Регионална библиотека "Любен Каравелов" Русе Регионална библиотека "Любен Каравелов" Русе Краезнание 1930-01-01 Краезнание 1.00 378694 К 338/П 76 И 120000378694 2 0.51 N: Сф Дата: 01.01.1930 Дата инв: 09.11.2017 Бележки инв: К2017 Книги
Vip Innovations Ltd, Rousse, Bulgaria 2025